[Event "RUS-Cup02"]
[Site "Moscow"]
[Date "1998.??.??"]
[Round "7"]
[White "Murzin, Lenar"]
[Black "Listkov, Nikolai"]
[Result "1-0"]
[WhiteElo "2240"]
[BlackElo "2165"]

1.Nf3 f5 2.d4 Nf6 3.g3 g6 4.Bg2 Bg7 5.O-O O-O 6.c4 d6 7.Nc3 c6 8.b3 e5 9.dxe5 Ng4
10.Bg5 Qa5 11.Rc1 Nxe5 12.Qd2 Re8 13.Rfd1 Nbd7 14.Bh6 Nxf3+ 15.Bxf3 Bxh6
16.Qxh6 Ne5 17.Bg2 Be6 18.Rd4 Nf7 19.Qd2 Rad8 20.h4 Qe5 21.Rd1 Qf6 22.e3 Ne5
23.Ne2 d5 24.Nf4 c5 25.Nxd5 Qf7 26.Nf6+ Qxf6 27.Rxd8 Qe7 28.Rxe8+ Qxe8 29.Qd8 Kf7
30.Bxb7 h6 31.Rd6 Qe7 32.Qxe7+ Kxe7 33.Ra6  1-0

[Event "RUS-Cup02"]
[Site "Moscow"]
[Date "1998.??.??"]
[Round "8"]
[White "Krasenkova, Ilena"]
[Black "Gagarin, Vasilij"]
[Result "0-1"]
[WhiteElo "2265"]
[BlackElo "2415"]

1.d4 f5 2.c4 Nf6 3.g3 g6 4.Bg2 Bg7 5.Nf3 O-O 6.O-O d6 7.Nc3 Qe8 8.d5 a5 9.Nd4 Na6
10.e3 Bd7 11.b3 Nc5 12.Bb2 g5 13.a3 f4 14.exf4 gxf4 15.b4 axb4 16.axb4 Rxa1
17.Bxa1 Na6 18.Ne6 Bxe6 19.dxe6 Nxb4 20.Bxb7 c6 21.Qf3 fxg3 22.hxg3 Qg6 23.Ne2 Ng4
24.Nf4 Bxa1 25.Rxa1 Ne5 26.Qe3 Qg4 27.Rc1 Nc2 28.Qe4 Nd4 29.Kg2 Ng6 30.Kf1 Nxf4
31.gxf4 Nf3 32.Qe3 Rxf4 33.Bxc6 Rxc4 34.Bxf3 Rxc1+ 35.Qxc1 Qxf3 36.Qg5+ Kf8
37.Qh6+ Ke8 38.Qxh7 Qd1+ 39.Kg2 Qg4+ 40.Kf1 Qxe6  0-1

[Event "US-ch cadets"]
[Site "Nashville"]
[Date "1998.??.??"]
[Round "1"]
[White "Mont Reynaud, Jordy"]
[Black "Wang, P."]
[Result "1-0"]
[WhiteElo "2125"]
[BlackElo "2230"]

1.d4 f5 2.Nf3 Nf6 3.g3 g6 4.Bg2 Bg7 5.O-O O-O 6.c4 d6 7.Nc3 Qe8 8.d5 Na6
9.Nd4 Bd7 10.Rb1 c6 11.b3 Nc7 12.Bb2 c5 13.Nf3 Rb8 14.Nd2 b5 15.e3 h6 16.Qc2 a5
17.cxb5 Nxb5 18.a4 Nc7 19.Nc4 Ra8 20.Qd2 Qb8 21.Ne2 Qa7 22.Nf4 g5 23.Ne6 Bxe6
24.dxe6 d5 25.Ne5 Qb6 26.Ng6 Rfe8 27.Qc2 Ne4 28.f3 Nd6 29.f4 c4 30.bxc4 Qxe3+
31.Kh1 Bxb2 32.Qxb2 Kh7 33.Qe5 gxf4 34.gxf4 Qd3 35.Nxe7 Rxe7 36.Qxd6 Rg7
37.Rb7 Qxc4 38.Qe5 Rag8 39.Qxf5+ Kh8 40.Qf6 Kh7 41.Qf5+ Kh8 42.Qe5 Kh7 43.Rxc7 Rxc7
44.e7 Rxg2 45.Kxg2 Qc2+ 46.Rf2 Qg6+ 47.Kh3 Qd3+ 48.Kh4 Rc3 49.Qxc3 Qxc3 50.e8=Q Qf6+
51.Kg3 Qc3+ 52.Kg2 Qg7+ 53.Kf3 Qd4 54.Qe7+ Kh8 55.Qe5+  1-0

[Event "US-ch cadets"]
[Site "Nashville"]
[Date "1998.??.??"]
[Round "5"]
[White "Zaremba, Andre"]
[Black "Wang, P."]
[Result "1-0"]
[WhiteElo "2245"]
[BlackElo "2230"]

1.d4 f5 2.Nf3 Nf6 3.g3 g6 4.Bg2 Bg7 5.O-O O-O 6.c4 d6 7.Nc3 Qe8 8.Nd5 Nxd5
9.cxd5 Qb5 10.Ng5 Qb6 11.e3 h6 12.Ne6 Bxe6 13.dxe6 c6 14.d5 Na6 15.e4 Nc5
16.exf5 Rxf5 17.Qg4 Kh7 18.Be3 Qxb2 19.dxc6 bxc6 20.Bxc6 Raf8 21.a4 Qb3 22.Rae1 h5
23.Qh4 Bf6 24.Qh3 Nxe6 25.f4 Kg7 26.Bd7 Rd8 27.Bxe6 Qxe6 28.Bb6 Qc8 29.Bxd8 Qxd8
30.Qg2 Qa5 31.Qe4 Rc5 32.Rc1 Rf5 33.Rc8 Rd5 34.Rfc1 Rd4 35.Rg8+  1-0

[Event "Nova Gorica op"]
[Site "Nova Gorica"]
[Date "1998.??.??"]
[Round "5"]
[White "Kragelj, Igor"]
[Black "Kavcic, Uros"]
[Result "1/2-1/2"]
[WhiteElo "2310"]
[BlackElo "2225"]

1.d4 f5 2.g3 Nf6 3.Bg2 g6 4.Nf3 Bg7 5.O-O O-O 6.c4 d6 7.Nc3 c6 8.d5 Qe8 9.Rb1 a5
10.Nd4 e5 11.dxe6 Bxe6 12.b3 Na6 13.Ba3 Rd8 14.Qd2 Nc5 15.e3 Nfe4 16.Nxe4 Nxe4
17.Qc2 Bf7 18.Rfd1 Qe7 19.Rbc1 Be8 20.Re1 c5 21.Ne2 Bc6 22.Bb2 Bxb2 23.Qxb2 Qe5
24.Qxe5 dxe5 25.Red1  1/2-1/2

[Event "RUS-Cup"]
[Site "Omsk/Perm"]
[Date "1998.??.??"]
[Round "6"]
[White "Fominyh, Alexander"]
[Black "Potapov, Alexander"]
[Result "1-0"]
[WhiteElo "2530"]
[BlackElo "2475"]

1.d4 f5 2.Nf3 Nf6 3.g3 g6 4.Bg2 Bg7 5.O-O O-O 6.c4 d6 7.Nc3 Qe8 8.Nd5 Nxd5
9.cxd5 Qb5 10.Ng5 Qb6 11.Be3 a5 12.Qd2 Na6 13.Rac1 Bd7 14.Rc3 a4 15.Rfc1 Rac8
16.Ra3 Rfe8 17.b3 axb3 18.Rxb3 Qa7 19.Rcb1 Rb8 20.Qd3 Rec8 21.h4 b5 22.h5 b4
23.hxg6 hxg6 24.g4 Rf8 25.gxf5 Rxf5 26.Qe4 Bf6 27.Qh4 Rxg5 28.Bxg5 Qxd4 29.Bxf6 Qxf6
30.Qxf6 exf6 31.Be4 Ra8 32.Bxg6 Nc5 33.Rg3 Rxa2 34.Rxb4 Ra8 35.Rh4 Ra1+ 36.Kg2 Kf8
37.Rh8+ Kg7 38.Rh7+ Kf8 39.Rf7+ Kg8 40.Rxd7  1-0

[Event "RUS-Cup"]
[Site "Omsk/Perm"]
[Date "1998.??.??"]
[Round "9"]
[White "Galianina, Julia"]
[Black "Gorbushin, Anatoly"]
[Result "1-0"]
[WhiteElo "2295"]
[BlackElo "2255"]

1.d4 f5 2.Nf3 Nf6 3.g3 g6 4.Bg2 Bg7 5.O-O O-O 6.c4 d6 7.Nc3 Nc6 8.d5 Ne5
9.Nxe5 dxe5 10.e4 f4 11.gxf4 exf4 12.e5 Ng4 13.e6 Ne5 14.Re1 c5 15.Re4 f3
16.Bf1 Rf5 17.Bf4 h5 18.Bh3 Qf8 19.Bxf5 Qxf5 20.Bxe5 Bxe5 21.Rxe5 Qxe5 22.Qxf3 Qf5
23.Qxf5 gxf5 24.Re1 Kg7 25.Nb5 Kf6 26.f4 b6 27.Nc7 Rb8 28.d6 Bb7 29.d7 Be4
30.Kf2 Rd8 31.h4 a6 32.a4 a5 33.Re3 Rb8 34.Rb3 Rg8 35.Ne8+  1-0

[Event "Wch U12 Girls"]
[Site "Oropesa del Mar"]
[Date "1998.??.??"]
[Round "9"]
[White "Caoili, Arianne"]
[Black "Kosintseva, Tatiana"]
[Result "1-0"]
[WhiteElo "2050"]
[BlackElo "2120"]

1.d4 f5 2.Nf3 Nf6 3.c4 g6 4.g3 Bg7 5.Bg2 O-O 6.O-O d6 7.Nc3 Qe8 8.d5 a5 9.Nd4 Na6
10.Be3 h6 11.Nc2 g5 12.Bd4 Bd7 13.e4 fxe4 14.Nxe4 Qg6 15.Nc3 Nb4 16.Ne3 c5
17.dxc6 bxc6 18.Ne2 Rab8 19.Bc3 Qh5 20.Nd4 c5 21.Ndf5 Qxd1 22.Rfxd1 Bxf5
23.Nxf5 Rf7 24.Nxg7 Kxg7 25.Rd2 a4 26.a3 Na6 27.Bc6 Kf8 28.Re2 e5 29.Rd1 Ne8
30.Bxe8 Rxe8 31.Rxd6 Nc7 32.Rxh6 Rfe7 33.Rh8+ Kf7 34.Rxe8 Rxe8 35.Rxe5 Ne6
36.Kf1 Rd8 37.Rd5 Rb8 38.Rd7+ Kg6 39.Ra7 g4 40.Rxa4 Rd8 41.Ra6 Kf5 42.Rc6 Rd1+
43.Kg2 Ra1 44.Ra6 Rd1 45.a4 Rd7 46.a5 Rf7 47.Ra8 Ng5 48.a6 Nh3 49.a7 Kg6
50.Be1 Kf5 51.f3 gxf3+ 52.Kxf3 Ng5+ 53.Kg2 Ne4 54.g4+ Kf4 55.Bg3+ Ke3 56.g5 Rb7
57.Bf4+ Kxf4 58.Rf8+ Kg4 59.a8=Q Rxb2+ 60.Kg1  1-0

[Event "NOR-ch"]
[Site "Oslo"]
[Date "1998.??.??"]
[Round "5"]
[White "Madsen, Dag"]
[Black "Parr, Erik"]
[Result "1/2-1/2"]
[WhiteElo "2275"]
[BlackElo "2285"]

1.Nf3 f5 2.d4 Nf6 3.g3 g6 4.Bg2 Bg7 5.O-O O-O 6.c4 d6 7.Nc3 Qe8 8.Nd5 Nxd5
9.cxd5 c6 10.dxc6 Nxc6 11.d5 Nd8 12.Nd4 Kh8 13.b3 e5 14.dxe6 Nxe6 15.Bb2 Nc5
16.e3 Bd7 17.Rb1 Rc8 18.a4 Qe7 19.Ne2 Bc6 20.Bxg7+ Kxg7 21.b4 Bxg2 22.Kxg2 Ne4
23.Qd4+ Kh6 24.Rfc1 b6 25.h4 Rfe8 26.a5 bxa5 27.bxa5 Rc5 28.a6 Rec8 29.Rb7 R8c7
30.Rcb1 Qd7 31.R1b2 R5c6 32.Qxa7 Nc5 33.Rxc7 Rxc7 34.Qb6 Rc6 35.Qb5 Rxa6
36.Qxd7 Nxd7 37.Nf4 Nc5 38.Nd5 Ne4 39.Rc2 Ra5 40.Nf4 Ra7  1/2-1/2

[Event "Atom Cup IM 3rd"]
[Site "Paks"]
[Date "1998.??.??"]
[Round "3"]
[White "Krutti, Valer"]
[Black "Sebe, Razvan"]
[Result "1-0"]
[WhiteElo "2360"]
[BlackElo "2120"]

1.Nf3 f5 2.g3 Nf6 3.Bg2 g6 4.O-O Bg7 5.c4 O-O 6.d4 d6 7.Nc3 Qe8 8.b3 e5 9.dxe5 Ng4
10.Nd5 Na6 11.Bg5 Nxe5 12.Ne7+ Kh8 13.Nxc8 Qxc8 14.Rc1 Nc5 15.Nxe5 Bxe5 16.Bh6 Re8
17.b4 Ne6 18.e3 a5 19.a3 axb4 20.axb4 Ra2 21.Qd5 c6 22.Qd3 Qc7 23.Rc2 Rxc2
24.Qxc2 Ra8 25.h4 Qb6 26.Qd2 Rd8 27.Qa2 Qxb4 28.Rb1 Qc3 29.Rxb7 Nc5 30.Rf7 Qe1+
31.Bf1 Ne4 32.Rd7 Rb8 33.Rb7 Rd8 34.Rb1 Qc3 35.Rd1 Qb4 36.Rb1 Qc3 37.Be2 d5
38.cxd5 cxd5 39.Qa7 d4 40.Qe7 Bf6 41.Bg7+  1-0

[Event "Paris op"]
[Site "Paris"]
[Date "1998.??.??"]
[Round "8"]
[White "Roos, Celine"]
[Black "Philippe, Christophe"]
[Result "1-0"]
[WhiteElo "2155"]
[BlackElo "2290"]

1.d4 f5 2.c4 Nf6 3.Nf3 g6 4.g3 Bg7 5.Bg2 O-O 6.O-O d6 7.Nc3 Qe8 8.d5 a5 9.Nd4 Na6
10.b3 Bd7 11.Bb2 c6 12.Rc1 Nc5 13.Ba1 Rc8 14.e3 g5 15.Re1 Qg6 16.Na4 Nxa4
17.bxa4 Ne4 18.dxc6 bxc6 19.Nb3 Bxa1 20.Rxa1 Ra8 21.c5 d5 22.Rc1 Rfb8 23.f3 Nf6
24.e4 fxe4 25.fxe4 Bg4 26.Qc2 e6 27.h3 Bxh3 28.Bxh3 Nxe4 29.Bg2 Rb4 30.Bxe4 dxe4
31.Nd2 Rf8 32.Rxe4 Rb7 33.Re2 Qg7 34.Qe4 Rb2 35.Qxe6+ Kh8 36.Nb3 g4 37.Rd1 Qc3
38.Qe5+ Qxe5 39.Rxe5 Rff2 40.Re7 Rg2+ 41.Kf1 Rbf2+ 42.Ke1 Rf8 43.Rd3 Rxa2
44.Nxa5 Rxa4 45.Nxc6 Rc4 46.Rdd7 Ra8 47.Rxh7+ Kg8 48.Rdg7+ Kf8 49.Ne7 Ra1+
50.Kd2 Ke8 51.c6  1-0

[Event "HUN-ch op"]
[Site "Pecs"]
[Date "1998.??.??"]
[Round "7"]
[White "Gyimesi, Zoltan"]
[Black "Krizsany, Laszlo"]
[Result "1/2-1/2"]
[WhiteElo "2505"]
[BlackElo "2410"]

1.d4 f5 2.g3 Nf6 3.Bg2 g6 4.Nf3 Bg7 5.O-O O-O 6.c4 d6 7.Nc3 Qe8 8.d5 Na6
9.Be3 Bd7 10.Qd2 Ng4 11.Bf4 Nc5 12.h3 Nf6 13.Bh6 Nce4 14.Nxe4 Nxe4 15.Qc1 Qf7
16.Bxg7 Qxg7 17.Nd2 Nxd2 18.Qxd2 f4  1/2-1/2

[Event "World op"]
[Site "Philadelphia"]
[Date "1998.??.??"]
[Round "9"]
[White "Byrne, Robert E"]
[Black "Szpisjak, Steven"]
[Result "1-0"]
[WhiteElo "2440"]
[BlackElo "2245"]

1.d4 f5 2.g3 Nf6 3.Bg2 g6 4.Nf3 Bg7 5.O-O O-O 6.c4 d6 7.b3 c6 8.Bb2 Kh8 9.Nc3 Be6
10.Qd2 Nbd7 11.Rae1 Bg8 12.e4 fxe4 13.Nxe4 Nxe4 14.Rxe4 d5 15.cxd5 Bxd5 16.Rf4 Bh6
17.Ng5 Bxg5 18.Rxf8+ Qxf8 19.Qxg5 Qf6 20.Qd2 Nb6 21.f3 Kg8 22.Ba3 a5 23.Re1 e6
24.Bd6 Nd7 25.Bf4 a4 26.b4 Nb6 27.h4 Nc4 28.Qc3 a3 29.Bf1 Nb2 30.Kg2 b5 31.Re5 Bc4
32.Bxc4 Nxc4 33.Rc5 Rd8 34.Rxc6 Qxd4 35.Qxd4 Rxd4 36.Rxe6 Nb2 37.Re4 Rd1
38.Bh6 Kf7 39.Re5 Ra1 40.Rxb5 Rxa2 41.Rb7+ Ke6 42.g4 Nc4+ 43.Kg3 Rb2 44.Rxh7 Rxb4
45.Ra7 Rb3 46.Bf8 Kd5 47.h5 gxh5 48.gxh5 Rb1 49.h6 Rh1 50.Bg7 Ke6 51.Ra4 Nd6
52.Rxa3 Nf5+ 53.Kf4 Nxg7 54.hxg7 Rg1 55.Ra8 Rxg7 56.Ra6+ Kd5 57.Kf5  1-0

[Event "Plzen opJ-C"]
[Site "Plzen"]
[Date "1998.??.??"]
[Round "5"]
[White "Piza, Vlastimil"]
[Black "Spal, Milan"]
[Result "0-1"]
[WhiteElo "2305"]
[BlackElo "2160"]

1.d4 f5 2.Nf3 Nf6 3.c4 g6 4.g3 Bg7 5.Bg2 O-O 6.O-O d6 7.Nc3 Nc6 8.d5 Ne5
9.Nxe5 dxe5 10.Qb3 h6 11.c5 Kh8 12.e4 e6 13.dxe6 c6 14.Bh3 Ng8 15.Rd1 Qe7
16.exf5 gxf5 17.Rd6 Rf6 18.Bd2 Bxe6 19.Qb4 Qf7 20.Re1 Bf8 21.Rxe5 Bxd6 22.cxd6 Rd8
23.Ne2 Bc8 24.Bc3 Kh7 25.Nf4 Rfxd6 26.Qc5 Ne7 27.Rxe7 Qxe7 28.Bxf5+ Bxf5
29.Qxf5+ Kg8 30.h4 Rf8 31.Qg4+ Kh7 32.Bb4 c5 33.Bxc5 Rxf4 34.gxf4 Qd7 35.f5 Rf6
36.Be3 Qxf5 37.Qd4 Rg6+ 38.Kf1 Qb1+ 39.Ke2 Qc2+ 40.Kf1 Qb1+ 41.Ke2 Qc2+ 42.Kf1 Qc6
43.a3 Rd6  0-1

[Event "RUS-ch sf"]
[Site "Pskov"]
[Date "1998.??.??"]
[Round "4"]
[White "Fakhretdinov, Robert"]
[Black "Potapov, Alexander"]
[Result "0-1"]
[WhiteElo "2395"]
[BlackElo "2475"]

1.d4 f5 2.g3 Nf6 3.Bg2 g6 4.Nf3 Bg7 5.O-O O-O 6.c4 d6 7.Nc3 Qe8 8.d5 a5 9.Ne1 Na6
10.Nd3 e5 11.dxe6 c6 12.Bf4 Qxe6 13.Rc1 Bd7 14.b3 Rad8 15.Be3 Ne4 16.Nxe4 fxe4
17.Nf4 Qe7 18.Bb6 Rde8 19.e3 a4 20.h4 a3 21.Bd4 Be5 22.Qd2 Bg4 23.Rfe1 Bf6
24.Qc3 Bxh4 25.gxh4 Qxh4 26.Bh8 Rf7 27.Red1 g5 28.Rd4 gxf4 29.exf4 Bf3 30.Kf1 Qg4  0-1

[Event "Rhein an Main op"]
[Site "Rhein"]
[Date "1998.??.??"]
[Round "5"]
[White "Kreiling, Carsten"]
[Black "Czech, Ludwig"]
[Result "1/2-1/2"]
[WhiteElo "2100"]
[BlackElo "2160"]

1.d4 f5 2.g3 Nf6 3.Bg2 g6 4.Nf3 Bg7 5.O-O O-O 6.c4 d6 7.b3 Qe8 8.Bb2 Nc6
9.d5 Nd8 10.Nd4 Bd7 11.Nc3 a6 12.b4 Rc8 13.a4 c5 14.dxc6 Nxc6 15.Nxc6 Bxc6
16.Nd5 Nxd5 17.Bxd5+ e6 18.Bxg7 Kxg7 19.Qd4+ e5 20.Qd3 Bxd5 21.Qxd5 Qc6 22.Rac1 Qxd5
23.cxd5 Kf6 24.f3 Ke7 25.e3 Kd7 26.Kf2 g5 27.h3 h5 28.h4 g4 29.fxg4 Rxc1
30.Rxc1 fxg4+ 31.Kg2 Rf3 32.e4 Rb3 33.b5 axb5 34.axb5 Rb2+ 35.Kg1 Rxb5 36.Rf1 Rb4
37.Rf5 Rxe4 38.Rxh5 Rd4 39.Rh7+ Ke8 40.Rxb7 Rxd5 41.Rg7 Rd4 42.h5 Rd1+ 43.Kg2 Rd2+
44.Kg1 Rd1+ 45.Kg2 Rd2+ 46.Kg1 Rd1+  1/2-1/2

[Event "Rhein an Main op"]
[Site "Rhein"]
[Date "1998.??.??"]
[Round "7"]
[White "Wissemann, Andreas"]
[Black "Czech, Ludwig"]
[Result "1/2-1/2"]
[WhiteElo "2070"]
[BlackElo "2160"]

1.d4 f5 2.g3 Nf6 3.Bg2 g6 4.Nf3 Bg7 5.O-O O-O 6.c4 d6 7.Nc3 Qe8 8.d5 Na6
9.Rb1 Nc5 10.Be3 e5 11.dxe6 Nxe6 12.Nd5 Qf7 13.Ng5 Nxg5 14.Bxg5 Ne4 15.Bxe4 fxe4
16.Ne7+ Kh8 17.Nxc8 Raxc8 18.b3 Qe6 19.Be3 a5 20.Qd5  1/2-1/2

[Event "SWE-ch"]
[Site "Ronneby"]
[Date "1998.??.??"]
[Round "8"]
[White "Akesson, Joel"]
[Black "Akesson, Ralf"]
[Result "1/2-1/2"]
[WhiteElo "2290"]
[BlackElo "2505"]

1.d4 f5 2.g3 g6 3.Bg2 Nf6 4.Nf3 Bg7 5.O-O O-O 6.c4 d6 7.Nc3 Qe8 8.d5 Na6
9.Rb1 Bd7 10.b4 c6 11.Nd4 Rc8 12.Ba3 Kh8 13.Qd3 cxd5 14.Nxd5 Ng4 15.f4 e5
16.Nb3 e4 17.Qd2 Rxc4 18.h3 Nf6 19.Ne3 Rc8 20.Qxd6 Bb5 21.Qd2 Rd8 22.Qc2 Rc8
23.Qd2 Rd8 24.Qc2 Qe7 25.Rfd1 Nh5 26.Rxd8 Qxd8 27.Kh2 g5 28.fxg5 Qxg5 29.Nf1 Nxg3
30.Nxg3 Be5 31.Bb2 Qxg3+ 32.Kg1 Rg8 33.Bxe5+ Qxe5 34.Qb2 Qxb2 35.Rxb2 Kg7
36.Nd4 Bd7 37.Rc2 b6 38.e3 Kf6 39.a3 Rc8 40.Rxc8 Bxc8 41.Nc6 Bd7 42.Nxa7 Nc7
43.Bf1 Ke5 44.Kf2 f4 45.exf4+ Kxf4 46.b5 e3+ 47.Ke1 Kg3 48.a4 Bxh3 49.a5 bxa5
50.Bd3 a4 51.b6 a3 52.Bc4 Na6 53.Nb5 Bg2 54.Nxa3 Nc5 55.Nc2 Kf4 56.Nb4 Nd7
57.Bd5 Be4 58.b7 h5 59.Be6 Nb8 60.Bc8 h4 61.Ke2 Bf3+ 62.Ke1 Ke5 63.Nd3+ Ke4
64.Nc5+ Kf4 65.Ne6+ Ke5 66.Ng5 Bd5 67.Ke2 Kd4 68.Ne6+ Ke4  1/2-1/2

[Event "Roskilde op"]
[Site "Roskilde"]
[Date "1998.??.??"]
[Round "8"]
[White "Glienke, Manfred"]
[Black "Larsen, Peter"]
[Result "1-0"]
[WhiteElo "2395"]
[BlackElo "2275"]

1.d4 f5 2.Nf3 Nf6 3.g3 g6 4.Bg2 Bg7 5.O-O O-O 6.c4 d6 7.Nc3 Qe8 8.b3 e5 9.dxe5 dxe5
10.Ba3 Rf7 11.Qc2 e4 12.Ng5 Rd7 13.Rad1 h6 14.Nh3 g5 15.f4 g4 16.Nf2 h5 17.e3 Rf7
18.Nd5 Be6 19.Rd2 Bxd5 20.cxd5 h4 21.gxh4 Bh8 22.Nh1 Rh7 23.Ng3 Qg6 24.Rfd1 Rxh4
25.d6 cxd6 26.Qc8+ Qe8 27.Qxe8+ Nxe8 28.Nxf5 Rh5 29.Bxe4 Nc6 30.Bd5+ Kh7
31.Ng3 Rh6 32.Bxc6 bxc6 33.Bxd6 Bc3 34.Rd3 Nxd6 35.Rxc3 Nb5 36.Rd7+ Kg8 37.Rcd3 Re6
38.a4 Na3 39.e4 Nc2 40.f5 Rh6 41.R3d6 Rxd6 42.Rxd6 c5 43.e5 Nd4 44.Rg6+ Kh7
45.Rxg4 Nf3+ 46.Kg2 Nxe5 47.Rh4+ Kg7 48.Ne4 c4 49.bxc4 Nxc4 50.Kf3 a5 51.Kf4 Nb6
52.Kg5 Rf8 53.Nf6 Rh8 54.Rxh8 Kxh8 55.Kg6 Nxa4 56.Nd7  1-0

[Event "Paulisto-chT"]
[Site "Sao Paulo"]
[Date "1998.??.??"]
[Round "2"]
[White "Sady, Joao Jose"]
[Black "Martins, Carlos"]
[Result "1-0"]
[WhiteElo "2145"]
[BlackElo "2295"]

1.Nf3 g6 2.d4 f5 3.g3 Nf6 4.Bg2 Bg7 5.O-O O-O 6.c4 d6 7.Nc3 Nc6 8.d5 Ne5
9.Nxe5 dxe5 10.e4 f4 11.Qd3 g5 12.b3 a6 13.Ba3 Nh5 14.c5 Rf6 15.Rad1 Bf8
16.Rfe1 g4 17.Qc4 Kh8 18.d6 exd6 19.Nd5 Be6 20.Qc3 Bxd5 21.Rxd5 f3 22.Bf1 Qe8
23.Red1 Rc8 24.Bb2 Rh6 25.Qb4 Nf4 26.gxf4 Qh5 27.h3 gxh3 28.Rxe5 Qg4+ 29.Kh2 Qxf4+
30.Kh1 dxe5 31.Qxb7 Re8 32.Bc1 Qf7 33.Bxh6 Bxh6 34.Qxa6 Bf4 35.Bxh3 Rf8 36.Qe6 Qxe6
37.Bxe6 Ra8 38.a4 Ra6 39.Rd8+ Kg7 40.Rd7+ Kf6 41.Bg4 Rc6 42.Rd5 Bc1 43.Bd7 Ra6
44.Bb5 Ra7 45.Rd3 Bb2 46.Rxf3+ Kg7 47.c6 Ba3 48.Bc4 Bd6 49.Kg2 Ra8 50.Rf7+ Kg6
51.Rf5  1-0

[Event "Seefeld op 9th"]
[Site "Seefeld"]
[Date "1998.??.??"]
[Round "5"]
[White "Roemer, Ulrich"]
[Black "Niedermayr, Horst"]
[Result "1/2-1/2"]
[WhiteElo "2310"]
[BlackElo "2225"]

1.d4 f5 2.Nf3 Nf6 3.g3 g6 4.Bg2 Bg7 5.O-O O-O 6.c4 d6 7.Nc3 Nc6 8.d5 Ne5
9.Nxe5 dxe5 10.c5 Kh8 11.Qb3 h6 12.Rd1 g5 13.Bd2 Rb8 14.Be1 Nd7 15.Qa3 a6
16.Na4 b5 17.cxb6 Nxb6 18.Nxb6 Rxb6 19.Ba5 Rb5 20.Rac1 e4 21.Bxc7 Qe8 22.b3 Bb7
23.d6 exd6 24.Bxd6 Rf7 25.Bc7 Rd7 26.Rxd7 Qxd7 27.Qd6 Rd5 28.Qxd7 Rxd7 29.Ba5 Kh7
30.Kf1 Bb2 31.Rc7 Rxc7 32.Bxc7 Bc3 33.e3 a5 34.Kg1 Bc6 35.Bf1 a4 36.bxa4 Bxa4
37.Bc4 Kg6 38.Kf1 h5 39.h3 Bd7 40.Bd5 Bb5+ 41.Kg2 Kf6 42.Bd8+ Kg6 43.h4 g4
44.Bb3 Be5 45.a4 Bc6 46.Kf1 Bc3 47.Ke2 Bb4 48.Kf1 Bc3 49.Kg1 Bb4 50.a5 Bb5
51.Bd5 Ba6 52.Bc6 Bc3 53.Be8+ Kh6 54.Bc7 Bb4 55.Bf4+ Kh7 56.Bd7 Kg6 57.Bc7 Bc3
58.Be8+ Kh6 59.Bf7 Bb4 60.Bd8 Bc3 61.Bc7 Bb4 62.Bf4+ Kh7 63.Bxh5 Bxa5 64.Be5 Bc4
65.Be8 Bd8 66.h5 Be6 67.Bg6+ Kh6 68.Kf1 Bc4+ 69.Ke1 Ba5+ 70.Kd1 Kg5 71.Be8 Bb3+
72.Kc1 Bg8 73.Bf4+ Kf6 74.Ba4 Bf7 75.h6 Kg6 76.Kd1 Be6 77.Bb5 Bb4  1/2-1/2

[Event "St Petersburg (Women)"]
[Site "St Petersburg"]
[Date "1998.??.??"]
[Round "2"]
[White "Rubzova, Tatiana"]
[Black "Lagvilava, Genrieta"]
[Result "0-1"]
[WhiteElo "2265"]
[BlackElo "2260"]

1.g3 f5 2.Bg2 Nf6 3.Nf3 g6 4.O-O Bg7 5.d4 O-O 6.c4 d6 7.Nc3 c6 8.Re1 Qc7
9.e4 fxe4 10.Nxe4 Nxe4 11.Rxe4 Bf5 12.Re1 e5 13.dxe5 dxe5 14.Qb3 Na6 15.Be3 Rad8
16.Nh4 Rd3 17.Qa4 Bg4 18.h3 Be6 19.Rad1 Rxd1 20.Rxd1 Qf7 21.Nf3 h6 22.Nd2 Rd8
23.Ne4 Rxd1+ 24.Qxd1 Bxc4 25.Qd8+ Qf8 26.Qxf8+ Bxf8 27.b3 Bd3 28.Bxa7 Kf7
29.Be3 Nb4 30.Nc3 Ke6 31.Bf1 e4 32.Bd4 Bd6 33.Bxd3 exd3 34.Kf1 Nc2 35.Be3 Nxe3+
36.fxe3 Bxg3 37.Ne4 Bd6 38.Ke1 Bb4+ 39.Kd1 Kf5 40.Nf2 d2 41.Ke2 Kg5 42.Nd3 Bc3
43.Nc5 Kh4 44.Nxb7 Kxh3 45.Nd6 g5 46.Ne4 Bb4 47.a4 g4 48.Nf2+ Kh4 49.Nd3 g3
50.Ne5 g2 51.Nf3+ Kg3 52.e4 d1=Q+  0-1

[Event "Petrov mem"]
[Site "St Petersburg"]
[Date "1998.??.??"]
[Round "2"]
[White "Kirusha, Andrey"]
[Black "Uchitel, Stanislav"]
[Result "1-0"]
[WhiteElo "2315"]
[BlackElo "2120"]

1.Nf3 f5 2.g3 Nf6 3.Bg2 g6 4.O-O Bg7 5.d4 O-O 6.c4 d6 7.Nc3 Qe8 8.d5 a5 9.Ne1 Na6
10.Nd3 h6 11.Rb1 g5 12.b3 Ng4 13.Bb2 Qh5 14.h3 Ne5 15.f4 Nxd3 16.Qxd3 e5
17.dxe6 Nc5 18.Qd2 Bxe6 19.Nb5 Rf7 20.Nd4 Re8 21.fxg5 hxg5 22.Nxe6 Rxe6 23.g4 fxg4
24.Rxf7 Qxf7 25.Rf1 Qh5 26.Rf5 Rg6 27.Bd5+ Kh8 28.Bf7 Ne4 29.Bxg6 Qxg6 30.Bxg7+ Qxg7
31.Qd5 Nc3 32.Qe6 gxh3 33.Qe8+  1-0

[Event "Petrov mem"]
[Site "St Petersburg"]
[Date "1998.??.??"]
[Round "4"]
[White "Rakitskaja, M."]
[Black "Uchitel, Stanislav"]
[Result "1-0"]
[WhiteElo "2160"]
[BlackElo "2120"]

1.d4 f5 2.c4 Nf6 3.Nf3 g6 4.g3 Bg7 5.Bg2 O-O 6.O-O d6 7.Nc3 Qe8 8.d5 a5 9.Ne1 Na6
10.Nd3 h6 11.a3 g5 12.e3 Bd7 13.Rb1 Qg6 14.f4 Ng4 15.Ne2 c6 16.h3 Nf6 17.Bd2 cxd5
18.cxd5 Bb5 19.Bxa5 Ne4 20.Be1 Nac5 21.Nxc5 Nxc5 22.Bb4 Ne4 23.Kh2 gxf4 24.gxf4 Bxe2
25.Qxe2 Ng3 26.Qf2 Nxf1+ 27.Rxf1 Kh8 28.Rg1 Rg8 29.Bf3 Qf6 30.Rg2 Qf7 31.Qh4 Kh7
32.Bh5 Bf6 33.Bxf7 Rxg2+ 34.Kxg2 Bxh4 35.Kf3 Rc8 36.Be6 Rf8 37.b3 Kg6 38.Bc3 Bf6
39.Be1 b6 40.Bd7 Rd8 41.Bc6 Rc8 42.Bb4 Rc7 43.a4 Ra7 44.Be1 Kf7 45.b4 e6
46.dxe6+ Kxe6 47.e4 fxe4+ 48.Kxe4 h5 49.Bf2 Bd8 50.f5+ Kf7 51.Kd5 Re7 52.Bh4 Re5+
53.Kxd6 Bf6 54.Bxf6 Kxf6 55.Kc7 Rxf5 56.Kxb6 Rf4 57.Kc5 Rf5+ 58.Bd5 Ke7 59.a5 Rf6
60.b5  1-0

[Event "Petrov mem"]
[Site "St Petersburg"]
[Date "1998.??.??"]
[Round "9"]
[White "Gladischev, Oleg"]
[Black "Pogosjan, V."]
[Result "1/2-1/2"]
[WhiteElo "2355"]
[BlackElo "2355"]

1.d4 f5 2.Nf3 Nf6 3.g3 g6 4.Bg2 Bg7 5.O-O O-O 6.c4 d6 7.Nbd2 Nc6 8.b3 e5
9.dxe5 dxe5 10.Bb2 e4 11.Ne1 Qe7 12.Nc2 Rd8 13.Qc1 Ne5 14.Rd1 Neg4 15.h3 Nh6
16.Nf1 Be6 17.Rxd8+ Rxd8 18.Qe1 c5  1/2-1/2

[Event "SVK-chT1W 9798"]
[Site "SVK"]
[Date "1998.??.??"]
[Round "?"]
[White "Mrazik, Vladislav"]
[Black "Kolcak, Marek"]
[Result "0-1"]
[WhiteElo "1935"]
[BlackElo "2025"]

1.d4 f5 2.c4 Nf6 3.Nf3 g6 4.g3 Bg7 5.Bg2 O-O 6.O-O d6 7.b3 Ne4 8.Bb2 Nc6
9.Nbd2 Nxd2 10.Qxd2 e5 11.dxe5 dxe5 12.Qd5+ Kh8 13.Qxd8 Rxd8 14.Rad1 Re8
15.Rd2 e4 16.Bxg7+ Kxg7 17.Nd4 Rd8 18.Rfd1 Nxd4 19.Rxd4 Rxd4 20.Rxd4 Be6
21.e3 Kf6 22.h4 a5 23.f3 exf3 24.Bxf3 c6 25.a4 Ke7 26.Kf2 Rd8 27.Rxd8 Kxd8
28.e4 Kc7 29.Ke3 Kd6 30.exf5 Bxf5 31.Be4 Ke5 32.Bd3 Bxd3 33.Kxd3 Kf5 34.Ke3 Kg4
35.Kf2 h6 36.Kg2 g5 37.hxg5 hxg5 38.Kf2 Kh3 39.Kf3 g4+ 40.Kf2 c5 41.Ke3 Kxg3
42.Ke4 Kf2 43.Kd5 g3 44.Kxc5 g2 45.Kb6 g1=Q 46.Kxb7 Ke2  0-1

[Event "Tatry op"]
[Site "Tatranska Lomnica"]
[Date "1998.??.??"]
[Round "9"]
[White "Hanko, Pavel"]
[Black "Malar, Pavol"]
[Result "0-1"]
[WhiteElo "2245"]
[BlackElo "2130"]

1.d4 f5 2.Nf3 Nf6 3.g3 g6 4.Bg2 Bg7 5.O-O O-O 6.c4 d6 7.Nc3 Qe8 8.d5 a5 9.Nd4 Na6
10.a3 Nc5 11.b3 Bd7 12.Ra2 Qf7 13.b4 axb4 14.axb4 Rxa2 15.Nxa2 Ba4 16.Qe1 Nfe4
17.Be3 e5 18.Nb5 Bxb5 19.cxb5 Qxd5 20.Nc3 Qc4 21.Nb1 Ne6 22.Nd2 Nxd2 23.Qxd2 e4
24.b6 c5 25.bxc5 dxc5 26.Qd7 Rf7 27.Qc8+ Bf8 28.Ra1 Nd4 29.Bxd4 Qxd4 30.Ra7 Qd7
31.Qxd7 Rxd7 32.f3 c4 33.Ra8 Kf7 34.Rc8 Bh6 35.f4 Bg7 36.e3 c3 37.Bf1 Bf6
38.Bc4+ Ke7 39.Bb3 Rd2 40.Kf1 Rb2 41.Ba4 Rxb6 42.Ke2 Rb2+ 43.Kd1 b5 44.Bc2 Kd6
45.Rb8 Kc5 46.Kc1 Ra2 47.Kb1 Rb2+ 48.Kc1 Be7 49.h3 Kc4 50.g4 Bc5 51.gxf5 Bxe3+
52.Kd1 gxf5 53.Rf8 b4 54.Rc8+ Bc5 55.Kc1 b3 56.Bd1 e3 57.Re8 Rd2  0-1

[Event "ROM-chT"]
[Site "Timisu de Sus"]
[Date "1998.??.??"]
[Round "5"]
[White "Dumitrache, Dragos"]
[Black "Grunberg, Mihai"]
[Result "1/2-1/2"]
[WhiteElo "2420"]
[BlackElo "2360"]

1.d4 f5 2.g3 Nf6 3.Bg2 g6 4.Nf3 Bg7 5.O-O O-O 6.c4 d6 7.Nc3 c6 8.Rb1 Ne4
9.Nxe4 fxe4 10.Ne1 d5 11.Nc2 Be6 12.c5 Qd7 13.b4 b5 14.a4 a6 15.Ra1 Bh3 16.Bb2 Bxg2
17.Kxg2  1/2-1/2

[Event "RUS-Cup07"]
[Site "Tomsk"]
[Date "1998.??.??"]
[Round "5"]
[White "Bocharov, Dmitry"]
[Black "Vaulin, Alexander"]
[Result "1/2-1/2"]
[WhiteElo "2245"]
[BlackElo "2550"]

1.d4 f5 2.g3 Nf6 3.Bg2 g6 4.Nf3 Bg7 5.O-O O-O 6.c4 d6 7.Nc3 Nc6 8.d5 Ne5
9.Nxe5 dxe5 10.Qb3 e4 11.c5 e6 12.Rd1 exd5 13.Nxd5 Be6 14.Nxf6+ Qxf6 15.Qxb7 Rad8
16.Bf4 Qxb2 17.Qxb2 Bxb2 18.Rab1 Rxd1+ 19.Rxd1 Rc8 20.a4 a5 21.f3 Ba3 22.Be3 Bb3
23.Ra1 Bb4 24.fxe4 fxe4 25.c6 Rd8 26.Bf4 Bd6 27.Bg5 Re8 28.Be3 Ra8  1/2-1/2

[Event "Vienna op 13th"]
[Site "Vienna"]
[Date "1998.??.??"]
[Round "?"]
[White "Prochnow, Mario"]
[Black "Bachofner, Andreas"]
[Result "1/2-1/2"]
[WhiteElo "2225"]
[BlackElo "2160"]

1.d4 f5 2.Nf3 Nf6 3.g3 g6 4.Bg2 Bg7 5.O-O O-O 6.c4 d6 7.Nc3 Qe8 8.b4 e5 9.dxe5 dxe5
10.Bb2 c6 11.b5 e4 12.Ng5 h6 13.Nh3 Be6 14.bxc6 Nxc6 15.Nb5 Rd8 16.Qc2 Rf7
17.Nf4  1/2-1/2